[Event "Udine DLF op"]
[Site "Udine"]
[Date "2007.02.28"]
[Round "6"]
[White "Guida, Giulia"]
[Black "Muradore, Aldo"]
[Result "0-1"]
[WhiteElo "1377"]
[BlackElo "1544"]
[PlyCount "74"]
[EventDate "2007.01.24"]
[EventType "swiss"]
[EventRounds "7"]
[EventCountry "ITA"]
[SourceTitle "EXT 2010"]
[Source "ChessBase"]
[SourceDate "2010.11.25"]
[SourceVersion "1"]
[SourceVersionDate "2010.11.25"]
[SourceQuality "1"]

1. c4 c5 2. Nc3 Nf6 3. g3 Nc6 4. Bg2 Rb8 5. Nf3 g6 6. 0-0 Bg7 7. Rb1 0-0 8. a3 a6 9. d3 h6 10. Be3 d6 11. Qd2 Ng4 12. Nd5 Nxe3 13. Qxe3 e6 14. Nc3 b6 15. Ne1 Bb7 16. Qd2 Nd4 17. e4 Nb3 18. Qc2 Nd4 19. Qd2 h5 20. h4 f5 21. b4 cxb4 22. axb4 f4 23. Nf3 Nxf3+ 24. Bxf3 fxg3 25. fxg3 Qf6 26. Ne2 Qe7 27. Nf4 Bd4+ 28. Kg2 Rf6 29. Ne2 e5 30. Nxd4 exd4 31. Rbe1 Rbf8 32. Qg5 Qf7 33. Bxh5 Rxf1 34. Bxg6 Rf2+ 35. Kh3 Qg7 36. h5 Bc8+ 37. g4 R8f3+ 0-1

[Event "Udine DLF op"]
[Site "Udine"]
[Date "2007.02.14"]
[Round "4"]
[White "Maestri, Roberto"]
[Black "Guida, Giulia"]
[Result "1-0"]
[WhiteElo "1609"]
[BlackElo "1377"]
[PlyCount "65"]
[EventDate "2007.01.24"]
[EventType "swiss"]
[EventRounds "7"]
[EventCountry "ITA"]
[SourceTitle "EXT 2010"]
[Source "ChessBase"]
[SourceDate "2010.11.25"]
[SourceVersion "1"]
[SourceVersionDate "2010.11.25"]
[SourceQuality "1"]

1. e4 e5 2. d4 exd4 3. c3 dxc3 4. Bc4 cxb2 5. Bxb2 d5 6. Bxd5 Nf6 7. Bxf7+ Kxf7 8. Qxd8 Bb4+ 9. Qd2 Bxd2+ 10. Nxd2 Re8 11. f3 c5 12. Nc4 Nxe4 13. Ne2 b5 14. Ne5+ Kg8 15. fxe4 Nd7 16. Nxd7 Bxd7 17. e5 b4 18. 0-0-0 Ba4 19. Rd5 Rac8 20. Kd2 Red8 21. Rxd8+ Rxd8+ 22. Ke3 Kf7 23. Rf1+ Ke7 24. Rc1 Rc8 25. Nf4 c4 26. Nd5+ Ke6 27. Nxb4 a5 28. Nd3 Rc6 29. Nf4+ Kf5 30. h3 Bb5 31. g3 g6 32. Nd5 Ra6 33. Nc7 1-0

[Event "Udine DLF op"]
[Site "Udine"]
[Date "2007.01.24"]
[Round "1"]
[White "Guida, Giulia"]
[Black "Agostino, Alessandro"]
[Result "0-1"]
[WhiteElo "1377"]
[BlackElo "1592"]
[PlyCount "28"]
[EventDate "2007.01.24"]
[EventType "swiss"]
[EventRounds "7"]
[EventCountry "ITA"]
[SourceTitle "EXT 2010"]
[Source "ChessBase"]
[SourceDate "2010.11.25"]
[SourceVersion "1"]
[SourceVersionDate "2010.11.25"]
[SourceQuality "1"]

1. e4 d6 2. f4 Nf6 3. Nc3 c6 4. Nf3 Qb6 5. Be2 Ng4 6. d4 g6 7. 0-0 e5 8. fxe5 dxe5 9. Kh1 Bg7 10. Ng5 f5 11. Bc4 Rf8 12. Be6 Qc7 13. Bxc8 exd4 14. Ne6 Qxh2# 0-1